[Event "IND-ch (Women) 33rd"]
[Site "Chennai"]
[Date "2006.12.12"]
[Round "7"]
[White "Mahima, Rajmohan"]
[Black "Mokal, Amruta Sunil"]
[Result "0-1"]
[WhiteElo "2038"]
[BlackElo "2128"]
[PlyCount "78"]
[EventDate "2006.12.07"]
[EventType "swiss"]
[EventRounds "11"]
[EventCountry "IND"]
[SourceTitle "EXT 2010"]
[Source "ChessBase"]
[SourceDate "2010.11.25"]
[SourceVersion "1"]
[SourceVersionDate "2010.11.25"]
[SourceQuality "1"]

1. e4 c5 2. c3 Nf6 3. e5 Nd5 4. d4 cxd4 5. Nf3 e6 6. cxd4 d6 7. a3 Nd7 8. Bd3 Qc7 9. 0-0 dxe5 10. dxe5 g6 11. Nbd2 Bg7 12. Nc4 0-0 13. Re1 a6 14. Bd2 b5 15. Ne3 Nxe5 16. Nxd5 exd5 17. Bf4 Bg4 18. Bg3 Rae8 19. Be2 Bxf3 20. Bxf3 Nxf3+ 21. Qxf3 Rxe1+ 22. Rxe1 Qd7 23. b4 d4 24. Rd1 Rc8 25. h3 Qc6 26. Qg4 h5 27. Qe2 Qc2 28. Rd2 Qc1+ 29. Kh2 Qxa3 30. Be5 Re8 31. f4 Qxb4 32. Qf2 Bxe5 33. fxe5 Rxe5 34. Rxd4 Qc5 35. Rd8+ Kg7 36. Qb2 Kh7 37. Qa1 Qc7 38. Rd7 Qxd7 39. Qxe5 a5 0-1

[Event "IND-ch (Women) 33rd"]
[Site "Chennai"]
[Date "2006.12.08"]
[Round "2"]
[White "Vijayalakshmi, Subbaraman"]
[Black "Mahima, Rajmohan"]
[Result "1-0"]
[WhiteElo "2426"]
[BlackElo "2038"]
[PlyCount "95"]
[EventDate "2006.12.07"]
[EventType "swiss"]
[EventRounds "11"]
[EventCountry "IND"]
[SourceTitle "EXT 2010"]
[Source "ChessBase"]
[SourceDate "2010.11.25"]
[SourceVersion "1"]
[SourceVersionDate "2010.11.25"]
[SourceQuality "1"]

1. d4 Nf6 2. Nf3 d6 3. Nc3 Bg4 4. e4 Nbd7 5. e5 dxe5 6. dxe5 Bxf3 7. Qxf3 Nxe5 8. Qxb7 Qc8 9. Qxc8+ Rxc8 10. Ba6 Rb8 11. Bf4 Nfd7 12. 0-0-0 e6 13. Nb5 Bc5 14. Rhe1 f6 15. Nxc7+ Ke7 16. Bg3 g5 17. Bb5 Bd6 18. Bxd7 Bxc7 19. Ba4 Rhd8 20. Bb3 h5 21. f3 h4 22. Bf2 Bb6 23. Bxb6 axb6 24. h3 Rbc8 25. Re4 Rc6 26. Rxd8 Kxd8 27. Kd2 Ke7 28. Ba4 Rd6+ 29. Ke1 Ng6 30. Bb5 Nf4 31. Bf1 f5 32. Re3 Kf6 33. a4 Nd5 34. Rb3 Rc6 35. c4 Nf4 36. Rb5 e5 37. b4 Ke6 38. a5 bxa5 39. Rxa5 Kd6 40. Ra8 Ne6 41. Kd2 Kc7 42. c5 Kb7 43. Re8 Nd4 44. Rxe5 Re6 45. Rxe6 Nxe6 46. Bd3 Nf4 47. Bxf5 Nxg2 48. b5 1-0

[Event "World ol U16"]
[Site "Denizli"]
[Date "2003.08.06"]
[Round "5"]
[White "Acar, Gizem"]
[Black "Mahima, Rajmohan"]
[Result "1/2-1/2"]
[WhiteElo "1941"]
[BlackElo "2104"]
[PlyCount "34"]
[EventDate "2003.08.02"]
[EventType "team-swiss"]
[EventRounds "10"]
[EventCountry "TUR"]
[SourceTitle "CBM 095 Extra"]
[Source "ChessBase"]
[SourceDate "2003.09.04"]
[SourceVersion "1"]
[SourceVersionDate "2003.09.04"]
[SourceQuality "1"]

1. Nf3 Nf6 2. b3 d5 3. e3 g6 4. Bb2 Bg7 5. c4 c6 6. Be2 0-0 7. 0-0 Nbd7 8. Qc2 Re8 9. Ne5 Nf8 10. d3 Bf5 11. Nd2 Qd6 12. g4 Be6 13. f4 N6d7 14. d4 f6 15. Nxd7 Nxd7 16. h4 Bf7 17. Rf2 e5 1/2-1/2